[Event "ESP-ch U18"]
[Site "Salobrena"]
[Date "2022.08.05"]
[Round "7"]
[White "Roldan Marques, Marta"]
[Black "Jimenez Fernandez, Rebeca"]
[Result "1/2-1/2"]
[WhiteElo "1897"]
[BlackElo "1908"]
[PlyCount "49"]
[EventDate "2022.08.01"]
[EventType "swiss"]
[EventRounds "9"]
[EventCountry "ESP"]
[SourceTitle "EXT 2023"]
[Source "ChessBase"]
[SourceDate "2022.10.05"]
[SourceVersion "1"]
[SourceVersionDate "2022.10.05"]
[SourceQuality "1"]

1. e4 c5 2. Nc3 Nc6 3. Bb5 g6 4. Bxc6 dxc6 5. d3 Bg7 6. f4 c4 7. Be3 Bxc3+ 8. bxc3 Qa5 9. Qd2 Nf6 10. Bd4 0-0 11. Bxf6 exf6 12. Ne2 f5 13. e5 Qd5 14. 0-0 b6 15. d4 Bb7 16. Rf3 Rad8 17. Rg3 Qa5 18. Rg5 c5 19. Qe3 Be4 20. Qh3 Bxc2 21. Qh6 cxd4 22. Rh5 gxh5 23. Qg5+ Kh8 24. Qf6+ Kg8 25. Qg5+ 1/2-1/2

[Event "ESP-ch U18"]
[Site "Salobrena"]
[Date "2022.08.05"]
[Round "8"]
[White "Salvans Serra, Arnau"]
[Black "Roldan Marques, Marta"]
[Result "1-0"]
[WhiteElo "2227"]
[BlackElo "1897"]
[PlyCount "131"]
[EventDate "2022.08.01"]
[EventType "swiss"]
[EventRounds "9"]
[EventCountry "ESP"]
[SourceTitle "EXT 2023"]
[Source "ChessBase"]
[SourceDate "2022.10.05"]
[SourceVersion "1"]
[SourceVersionDate "2022.10.05"]
[SourceQuality "1"]

1. Nf3 d5 2. b3 Nf6 3. Bb2 Bf5 4. d3 h6 5. Nbd2 e6 6. g3 Nbd7 7. Bg2 c6 8. 0-0 Qc7 9. Qe1 Nc5 10. Be5 Bd6 11. Bxd6 Qxd6 12. b4 Na6 13. e4 Nxb4 14. exf5 Nxc2 15. Qb1 Nxa1 16. fxe6 fxe6 17. Qxb7 0-0 18. Rxa1 c5 19. Qb2 Nd7 20. Re1 Rf6 21. Ne5 Rb8 22. Nb3 Nxe5 23. Qxe5 Qxe5 24. Rxe5 c4 25. dxc4 dxc4 26. Nd4 Rb2 27. Re2 Rxe2 28. Nxe2 Rf5 29. Nc3 Ra5 30. a4 Ra6 31. Be4 Kf7 32. Kf1 Rb6 33. Ke2 Ke7 34. Ke3 Rb2 35. h4 Kd6 36. a5 e5 37. g4 Rb3 38. Kd2 Kc5 39. Bc2 Ra3 40. g5 hxg5 41. hxg5 Rxa5 42. g6 Ra6 43. Ne4+ Kd4 44. Ng3 c3+ 45. Ke2 Ra2 46. Nf5+ Kc4 47. Ne3+ Kd4 48. Kd1 Ra1+ 49. Ke2 Rg1 50. Nf5+ Kc4 51. Nxg7 a5 52. Nf5 Rg5 53. Ne3+ Kd4 54. g7 Kc5 55. Nf5 Kb4 56. Kd3 a4 57. Bb1 Kb3 58. Bc2+ Kb4 59. Bxa4 Kxa4 60. Kxc3 Kb5 61. Kd3 Kc6 62. g8Q Rxg8 63. Ne7+ Kd6 64. Nxg8 Ke6 65. Nh6 Kd5 66. Ng4 1-0

[Event "ESP-ch U18"]
[Site "Salobrena"]
[Date "2021.07.26"]
[Round "2"]
[White "Roldan Marques, Marta"]
[Black "Martin Barcelo, Carles"]
[Result "0-1"]
[WhiteElo "1921"]
[BlackElo "2227"]
[PlyCount "70"]
[EventDate "2021.07.26"]
[EventType "swiss"]
[EventRounds "9"]
[EventCountry "ESP"]
[SourceTitle "CBM 203 Extra"]
[Source "ChessBase"]
[SourceDate "2021.09.30"]
[SourceVersion "1"]
[SourceVersionDate "2021.09.30"]
[SourceQuality "1"]

1. e4 e5 2. Bc4 Nf6 3. d3 c6 4. Nf3 d5 5. exd5 cxd5 6. Bb3 Nc6 7. 0-0 Be6 8. Re1 Bd6 9. Nc3 h6 10. Ba4 Nd7 11. Nd2 0-0 12. Nf1 Nc5 13. Bxc6 bxc6 14. d4 Nd7 15. dxe5 Bxe5 16. Ng3 Qh4 17. Nce2 Nf6 18. f3 Rfd8 19. c3 c5 20. Be3 d4 21. cxd4 cxd4 22. Bf2 d3 23. Nc3 Bd4 24. Nge4 Bxf2+ 25. Nxf2 d2 26. Re2 Qd4 27. Qa4 Bc4 28. Re7 Re8 29. Rxe8+ Rxe8 30. Nce4 Rxe4 31. fxe4 Ng4 32. Rf1 Nxf2 33. b3 Nh3+ 34. Kh1 Qg1+ 35. Rxg1 Nf2# 0-1

[Event "ESP-ch U16"]
[Site "Salobrena"]
[Date "2021.07.20"]
[Round "3"]
[White "Roldan Marques, Marta"]
[Black "Luque Saiz, Andres"]
[Result "0-1"]
[WhiteElo "1921"]
[BlackElo "2131"]
[PlyCount "108"]
[EventDate "2021.07.19"]
[EventType "swiss"]
[EventRounds "9"]
[EventCountry "ESP"]
[SourceTitle "EXT 2022"]
[Source "ChessBase"]
[SourceDate "2021.10.06"]
[SourceVersion "1"]
[SourceVersionDate "2021.10.06"]
[SourceQuality "1"]

1. e4 c6 2. d4 d5 3. exd5 cxd5 4. c3 Nc6 5. Bf4 Bf5 6. Qb3 Qd7 7. Nf3 e6 8. Nbd2 a6 9. Be2 Nf6 10. Ne5 Nxe5 11. dxe5 Ne4 12. Nxe4 Bxe4 13. f3 Bg6 14. Be3 Qc7 15. Bd4 Be7 16. 0-0 0-0 17. Rfe1 Rac8 18. Rad1 Bh4 19. g3 Be7 20. Bf1 Qc6 21. Bh3 b5 22. a3 Qc4 23. Qxc4 bxc4 24. Be3 Rb8 25. Bc1 Bc5+ 26. Kh1 Bd3 27. b4 Bf2 28. Be3 Bxe1 29. Rxe1 a5 30. Bf1 Bxf1 31. Rxf1 axb4 32. axb4 Ra8 33. Rb1 Ra3 34. Bd4 Rfa8 35. Rg1 Ra1 36. b5 Rxg1+ 37. Kxg1 Kf8 38. g4 Ke7 39. Kf2 Ra2+ 40. Kg3 Kd7 41. h4 Rb2 42. b6 Kc6 43. f4 Rd2 44. Kf3 Rd3+ 45. Ke2 Rg3 46. Bf2 Rxc3 47. Bd4 Rb3 48. f5 Rxb6 49. Bxb6 Kxb6 50. h5 d4 51. g5 exf5 52. g6 hxg6 53. hxg6 fxg6 54. e6 Kc6 0-1

[Event "ESP-chT Regional U16"]
[Site "Gijon"]
[Date "2021.06.20"]
[Round "6.2"]
[White "Roldan Marques, Marta"]
[Black "Tadevosyan, Aspet"]
[Result "0-1"]
[WhiteElo "1989"]
[BlackElo "2194"]
[PlyCount "160"]
[EventDate "2021.06.17"]
[EventType "team-swiss"]
[EventRounds "6"]
[EventCountry "ESP"]
[SourceTitle "EXT 2022"]
[Source "ChessBase"]
[SourceDate "2021.10.06"]
[SourceVersion "1"]
[SourceVersionDate "2021.10.06"]
[SourceQuality "1"]
[WhiteTeam "Navarra U16"]
[BlackTeam "Andalucia U16"]
[WhiteTeamCountry "ESP"]
[BlackTeamCountry "ESP"]

1. e4 c5 2. Nc3 d6 3. g3 Nc6 4. Bg2 g6 5. d3 Bg7 6. Be3 Nf6 7. h3 0-0 8. Qd2 Rb8 9. Bh6 Nd4 10. Bxg7 Kxg7 11. Nce2 e5 12. c3 Nxe2 13. Nxe2 d5 14. exd5 Nxd5 15. h4 h5 16. 0-0 Be6 17. f4 exf4 18. Nxf4 Nxf4 19. Rxf4 Bd5 20. Bxd5 Qxd5 21. c4 Qd6 22. Qc3+ Kg8 23. d4 cxd4 24. Rxd4 Qc7 25. Kh2 Rbe8 26. Re1 Qb6 27. Rxe8 Rxe8 28. Qd2 Qf6 29. Rf4 Qe5 30. Qf2 Re7 31. b3 b6 32. Kg2 Rd7 33. Rf3 Qe4 34. Qb2 Rd3 35. Qf6 Rd2+ 36. Kh1 Qb7 37. Kg1 Qd7 38. Rf2 Rd6 39. Qf4 Rd1+ 40. Kg2 Qb7+ 41. Qf3 Qxf3+ 42. Kxf3 Kg7 43. Ke4 Kf8 44. Kf4 Ke7 45. Kg5 Rd4 46. Re2+ Kf8 47. Kf6 Rd3 48. Rg2 Re3 49. g4 hxg4 50. Rxg4 Rf3+ 51. Ke5 Ke7 52. Rf4 f6+ 53. Ke4 Rh3 54. Kd5 f5 55. c5 bxc5 56. Ra4 Rd3+ 57. Kxc5 Rc3+ 58. Kd4 Rc7 59. Ra6 Kf7 60. Ke5 Re7+ 61. Kd5 Kg7 62. b4 f4 63. Ra3 Kf6 64. Rf3 Kf5 65. Kd4 Kg4 66. Rf1 f3 67. Rg1+ Kxh4 68. Rxg6 f2 69. Rf6 Kg3 70. Rg6+ Kf3 71. Rf6+ Ke2 72. a4 Re3 73. Rxf2+ Kxf2 74. Kc5 Ke2 75. Kb5 Kd3 76. Ka6 Kc4 77. b5 Ra3 78. a5 Kb4 79. b6 Rxa5+ 80. Kb7 axb6 0-1

[Event "ESP-chT Regional U16"]
[Site "Gijon"]
[Date "2021.06.19"]
[Round "5.2"]
[White "Villar Piriz, Adrian"]
[Black "Roldan Marques, Marta"]
[Result "1/2-1/2"]
[WhiteElo "1703"]
[BlackElo "1989"]
[PlyCount "61"]
[EventDate "2021.06.17"]
[EventType "team-swiss"]
[EventRounds "6"]
[EventCountry "ESP"]
[SourceTitle "EXT 2022"]
[Source "ChessBase"]
[SourceDate "2021.10.06"]
[SourceVersion "1"]
[SourceVersionDate "2021.10.06"]
[SourceQuality "1"]
[WhiteTeam "Cantabria U16"]
[BlackTeam "Navarra U16"]
[WhiteTeamCountry "ESP"]
[BlackTeamCountry "ESP"]

1. e4 e5 2. Nf3 Nc6 3. Bb5 a6 4. Ba4 Nf6 5. 0-0 Nxe4 6. Re1 Nc5 7. Nc3 Nxa4 8. Nxe5 Nxe5 9. Rxe5+ Be7 10. Nd5 0-0 11. Nxe7+ Kh8 12. Nxc8 Rxc8 13. b3 Qf6 14. d4 d6 15. Re3 Nb6 16. Bb2 Rfe8 17. Qe2 Rxe3 18. fxe3 Re8 19. c4 d5 20. Rf1 Qe6 21. cxd5 Nxd5 22. e4 Nf6 23. e5 Nd5 24. Qf3 Kg8 25. Rc1 c6 26. Ba3 Qh6 27. Rf1 Qe3+ 28. Qxe3 Nxe3 29. Rf3 Nd5 30. Kf2 f6 31. Bd6 1/2-1/2

[Event "ESP-chT Regional U16"]
[Site "Gijon"]
[Date "2021.06.18"]
[Round "3.1"]
[White "Roldan Marques, Marta"]
[Black "Martinez Soriano, Javier"]
[Result "0-1"]
[WhiteElo "1989"]
[BlackElo "1907"]
[PlyCount "55"]
[EventDate "2021.06.17"]
[EventType "team-swiss"]
[EventRounds "6"]
[EventCountry "ESP"]
[SourceTitle "EXT 2022"]
[Source "ChessBase"]
[SourceDate "2021.10.06"]
[SourceVersion "1"]
[SourceVersionDate "2021.10.06"]
[SourceQuality "1"]
[WhiteTeam "Navarra U16"]
[BlackTeam "Murcia U16"]
[WhiteTeamCountry "ESP"]
[BlackTeamCountry "ESP"]

1. e4 e6 2. d4 d5 3. Nc3 Nc6 4. Nf3 dxe4 5. Nxe4 Qd5 6. Bd3 Nf6 7. Nxf6+ gxf6 8. c3 Bd7 9. b4 Qh5 10. b5 Ne7 11. c4 Nf5 12. h3 Bb4+ 13. Bd2 Bxd2+ 14. Qxd2 Nh4 15. Be2 Nxg2+ 16. Kf1 Rg8 17. Rh2 Nh4 18. Qf4 Nxf3 19. Bxf3 Qg6 20. Rd1 0-0-0 21. Rg2 Qc2 22. Rxg8 Rxg8 23. Qxf6 Qxc4+ 24. Be2 Qd5 25. f3 Qh5 26. Ke1 b6 27. a4 Rg3 28. Qh8+ 0-1

[Event "ESP-chT CECLUB Div2"]
[Site "Linares"]
[Date "2019.08.22"]
[Round "5.7"]
[White "Roldan Marques, Marta"]
[Black "Ordonez Torres, Maria del Carmen"]
[Result "1/2-1/2"]
[WhiteElo "1886"]
[BlackElo "2027"]
[PlyCount "252"]
[EventDate "2019.08.19"]
[EventType "team-swiss"]
[EventRounds "7"]
[EventCountry "ESP"]
[SourceTitle "EXT 2020"]
[Source "ChessBase"]
[SourceDate "2019.10.17"]
[SourceVersion "1"]
[SourceVersionDate "2019.10.17"]
[SourceQuality "1"]
[WhiteTeam "San Juan"]
[BlackTeam "Reina Brillante"]
[WhiteTeamCountry "ESP"]
[BlackTeamCountry "ESP"]

1. e4 e5 2. Nf3 Nc6 3. Bc4 Nf6 4. d3 Be7 5. Nc3 d6 6. h3 Na5 7. Bb5+ c6 8. Ba4 b5 9. Bb3 0-0 10. Be3 a6 11. Ne2 h6 12. Ng3 Re8 13. Qd2 Bf8 14. 0-0 Nxb3 15. axb3 d5 16. exd5 Nxd5 17. d4 Nxe3 18. Qxe3 exd4 19. Qxd4 c5 20. Qxd8 Rxd8 21. Rad1 Be6 22. Ne5 Rac8 23. Ng4 c4 24. bxc4 Bxc4 25. Rfe1 Be6 26. c3 a5 27. Ne2 Bc4 28. Rxd8 Rxd8 29. Nd4 Bc5 30. Nc6 Rd2 31. Nxa5 Be6 32. Ne3 Rxb2 33. Nc6 Rb3 34. Nd4 Bxd4 35. cxd4 Kf8 36. Kf1 b4 37. f3 Rd3 38. d5 Bxd5 39. Nxd5 Rxd5 40. Rb1 Rd4 41. Ke2 Ke7 42. Ke3 Rc4 43. Kd3 Rh4 44. g4 Rxh3 45. Ke3 Kf6 46. Rxb4 Kg6 47. Rb6+ f6 48. Kf4 Rh1 49. Rb7 Ra1 50. Rc7 Ra5 51. Rc6 h5 52. gxh5+ Kxh5 53. Rc7 Kg6 54. Rb7 Ra4+ 55. Kg3 Kh6 56. Rf7 Rb4 57. Kh3 Kg6 58. Ra7 Rb1 59. Kg3 Kh6 60. Rf7 Rb4 61. Kh3 Rb6 62. Kg4 g6 63. Ra7 Rb4+ 64. Kg3 Kg5 65. Ra5+ f5 66. Rc5 Kh5 67. Ra5 Kh6 68. Rc5 Rd4 69. Ra5 Kg5 70. Rb5 Rd6 71. Ra5 Rd1 72. Rb5 Rg1+ 73. Kf2 Rc1 74. Kg3 Re1 75. Ra5 Kf6 76. Rb5 g5 77. Ra5 f4+ 78. Kf2 Re6 79. Rb5 Kg6 80. Rb1 Rc6 81. Rb8 Rc2+ 82. Kf1 Rc7 83. Rb2 Rc3 84. Kg2 Rc6 85. Rb8 Rc2+ 86. Kf1 Rc6 87. Kg2 Re6 88. Ra8 Re7 89. Rb8 Rg7 90. Rf8 Rh7 91. Ra8 Kh5 92. Rg8 Rh6 93. Rg7 Rh8 94. Kf2 Rb8 95. Rh7+ Kg6 96. Ra7 Rb2+ 97. Kf1 Rc2 98. Ra8 Rc6 99. Kg2 Kh5 100. Rh8+ Rh6 101. Rg8 Rh7 102. Kf2 Rh6 103. Rg7 Rb6 104. Rh7+ Kg6 105. Ra7 Re6 106. Ra8 Kf5 107. Ra5+ Kg6 108. Ra8 Re3 109. Rb8 Re7 110. Ra8 Rg7 111. Rb8 Rh7 112. Kg2 Rh4 113. Rg8+ Kf6 114. Rf8+ Kg7 115. Rf5 Rh5 116. Ra5 Rh6 117. Ra7+ Kg6 118. Ra8 Rh7 119. Rb8 Rf7 120. Ra8 Re7 121. Kf2 Kf5 122. Rf8+ Ke6 123. Rg8 Kf6 124. Rf8+ Rf7 125. Ra8 Re7 126. Rf8+ Ke5 1/2-1/2

[Event "Mem Jose Luis Gorostidi 25th"]
[Site "Navarra"]
[Date "2015.03.22"]
[Round "8"]
[White "Aramendia Ybarra, Carlota"]
[Black "Roldan Marques, Marta"]
[Result "1-0"]
[WhiteElo "1368"]
[BlackElo "1386"]
[PlyCount "61"]
[EventDate "2015.03.21"]
[EventType "swiss (blitz)"]
[EventRounds "9"]
[EventCountry "ESP"]
[SourceTitle "EXT 2024"]
[Source "ChessBase"]
[SourceDate "2023.10.10"]
[SourceVersion "1"]
[SourceVersionDate "2023.10.10"]
[SourceQuality "1"]

1. e4 e5 2. Bc4 Nf6 3. d3 h6 4. Nc3 Bc5 5. f4 Nc6 6. Na4 Bb6 7. Nxb6 axb6 8. Nf3 d6 9. f5 Na5 10. 0-0 Nxc4 11. dxc4 Nxe4 12. Ne1 Nf6 13. Nd3 Bd7 14. Qe1 Bc6 15. Qg3 0-0 16. Bxh6 Nh5 17. Qg4 Qf6 18. Bg5 Qxg5 19. Qxg5 Nf6 20. Rae1 Ne4 21. Qg4 Nf6 22. Qh4 Rxa2 23. Re3 Raa8 24. Rh3 Nh5 25. Qxh5 f6 26. Qh7+ Kf7 27. Qg6+ Kg8 28. Rh7 Rf7 29. Nf2 Re7 30. Ng4 Kf8 31. Rh8# 1-0

[Event "Mem Jose Luis Gorostidi 25th"]
[Site "Navarra"]
[Date "2015.03.21"]
[Round "4"]
[White "Lacruz Ochoa, Oier"]
[Black "Roldan Marques, Marta"]
[Result "1-0"]
[WhiteElo "1483"]
[BlackElo "1386"]
[PlyCount "20"]
[EventDate "2015.03.21"]
[EventType "swiss (blitz)"]
[EventRounds "9"]
[EventCountry "ESP"]
[SourceTitle "EXT 2024"]
[Source "ChessBase"]
[SourceDate "2023.10.10"]
[SourceVersion "1"]
[SourceVersionDate "2023.10.10"]
[SourceQuality "1"]

1. e4 d5 2. exd5 Qxd5 3. Nc3 Qa5 4. Bc4 Bf5 5. d3 c6 6. Nf3 e6 7. 0-0 Nf6 8. Bd2 Qc7 9. Re1 Be7 10. Qc1 Nbd7 1-0